000 00445nam a2200181Ia 4500
001 1659
005 20260306143744.0
008 260306t2012||||xx |||||||||||||| ||spa||
041 _aESP
082 _a153.9
_bV99
100 _aVygotski, Lev S.
_eAUT
245 0 _aEl desarrollo de los procesos psicológicos superiores
260 _c2012
300 _a226 páginas :
_c19 cm.
650 _aGEN
654 _aCPS
942 _cLIB
_dJUS
_fJUS
_2ddc
_n
999 _c1659
_d1659